|
|
|
|
| LEADER |
00000nab#a22000007a#4500 |
| 001 |
arbauad011971 |
| 003 |
AR-BaUAD |
| 005 |
20250711111219.0 |
| 008 |
950614|||||||||###||||||b###|0###a|spa|| |
| 040 |
|
|
|a AR-BaUAD
|c AR-BaUAD
|b spa
|
| 245 |
1 |
0 |
|a 100 journées qui ont fait le cinéma
|
| 300 |
0 |
|
|b il., fot.
|
| 653 |
|
|
|a CINE
|
| 653 |
|
|
|a HISTORIA
|
| 653 |
|
|
|a CRONOLOGIAS
|
| 653 |
|
|
|a CINE MUDO
|
| 653 |
|
|
|a SONIDO
|
| 653 |
|
|
|a DIRECTORES DE CINE
|
| 653 |
|
|
|a ACTORES
|
| 653 |
|
|
|a REYNAUD, EMILE
|
| 653 |
|
|
|a EDISON, THOMAS ALVA
|
| 653 |
|
|
|a LUMIERE, ANTOINE
|
| 653 |
|
|
|a LUMIERE, AUGUSTE
|
| 653 |
|
|
|a PATHE, CHARLES
|
| 653 |
|
|
|a SENNET, MACK
|
| 653 |
|
|
|a UNITED ARTISTS
|
| 653 |
|
|
|a CHAPLIN, CHARLES
|
| 653 |
|
|
|a FLAHERTY, ROBERT
|
| 653 |
|
|
|a VERTOV, DZIGA
|
| 653 |
|
|
|a VIGO, JEAN
|
| 653 |
|
|
|a LANG, FRITZ
|
| 653 |
|
|
|a MIZOGUCHI, KENJI
|
| 653 |
|
|
|a EISENSTEIN, SERGEI
|
| 653 |
|
|
|a BUÑUEL, LUIS
|
| 653 |
|
|
|a FORD, JOHN
|
| 653 |
|
|
|a BACALL, LAUREN
|
| 653 |
|
|
|a BOGART, HUMPHREY
|
| 653 |
|
|
|a HAWKS, HOWARD
|
| 653 |
|
|
|a COCTEAU, JEAN
|
| 653 |
|
|
|a BRANDO, MARLON
|
| 653 |
|
|
|a VADIM, ROGER
|
| 653 |
|
|
|a NOUVELLE VAGUE
|
| 653 |
|
|
|a TRUFFAUT, FRANÇOIS
|
| 653 |
|
|
|a GODARD, JEAN LUC
|
| 653 |
|
|
|a RENOIR, JEAN
|
| 653 |
|
|
|a PASOLINI, PIER PAOLO
|
| 653 |
|
|
|a KUBRICK, STANLEY
|
| 653 |
|
|
|a HITCHCOCK, ALFRED
|
| 653 |
|
|
|a BECKET, SAMUEL
|
| 653 |
|
|
|a WARHOL, ANDY
|
| 653 |
|
|
|a SCORSESE, MARTIN
|
| 653 |
|
|
|a FASSBINDER, RAINER WERNER
|
| 653 |
|
|
|a COPPOLA, FRANCIS FORD
|
| 653 |
|
|
|a ROHMER, ERIC
|
| 653 |
|
|
|a TARKOVSKI, ANDREI
|
| 653 |
|
|
|a CINE DE COMEDIA
|
| 653 |
|
|
|a COMEDIA
|
| 653 |
|
|
|a WESTERN
|
| 773 |
0 |
|
|t CAHIERS DU CINEMA
|g numéro spécial [1995]
|
| 942 |
|
|
|c ARTI
|
| 952 |
|
|
|0 0
|1 0
|4 0
|7 0
|9 56891
|a AR-BAuAD
|b AR-BAuAD
|d 2025-07-11
|l 0
|p AAQA011971
|r 2025-07-11 11:12:19
|w 2025-07-11
|y ARTI
|
| 990 |
|
|
|a C199
|b TD
|
| 998 |
|
|
|a AAQ
|b BIBUN76
|
| 999 |
|
|
|c 36564
|d 36564
|